000 00554nam a22001817a 4500
005 20250513143403.0
008 250513b |||||||| |||| 00| 0 eng d
040 _cDO
245 _aUntold stories of d-day
250 _aJune 2002 Vol. 201 No. 6
490 _aNational Geographic
520 _aUntold Stories of D-Day, Saluting the Troops, Great Northern Forest, Beast of the Boreal, Jamestown, Long Road Home, Andes Empires, Ames, Lowa
650 _xD-DAY
650 _xBOREAL FOREST
650 _xJAMESTOWN
650 _xANDES
942 _2ddc
_cCR
999 _c5508
_d5508